Proceedings of the symposium on fertilizer, present and future : To a decision making for heading the 21st Century- September 25-26, 1989
List of content: Agriculture, crop nutrition and fertilizer; Trends in supply, demand and distribution of fertilizers in Japan; Cycling of fertilizer nutrients in the environment; And research & developement of coasted fertilizer in Japan.
Đã lưu trong:
| Formáid: | Leabhar |
|---|---|
| Teanga: | Undetermined |
| Foilsithe: |
Kyoto, Janpan
Janpanese Society of soil Science and Plant Nutrition
1989
|
| Ábhair: | |
| Clibeanna: |
Cuir Clib Leis
Gan Chlibeanna, Bí ar an gcéad duine leis an taifead seo a chlibeáil!
|
| Thư viện lưu trữ: | Trung tâm Học liệu Trường Đại học Cần Thơ |
|---|
| LEADER | 00854nam a2200181Ia 4500 | ||
|---|---|---|---|
| 001 | CTU_138649 | ||
| 008 | 210402s9999 xx 000 0 und d | ||
| 082 | |a 631.8 | ||
| 082 | |b F411 | ||
| 245 | 0 | |a Proceedings of the symposium on fertilizer, present and future : | |
| 245 | 0 | |b To a decision making for heading the 21st Century- September 25-26, 1989 | |
| 260 | |a Kyoto, Janpan | ||
| 260 | |b Janpanese Society of soil Science and Plant Nutrition | ||
| 260 | |c 1989 | ||
| 520 | |a List of content: Agriculture, crop nutrition and fertilizer; Trends in supply, demand and distribution of fertilizers in Japan; Cycling of fertilizer nutrients in the environment; And research & developement of coasted fertilizer in Japan. | ||
| 650 | |a Fertilizers,Manures,Phân bón | ||
| 904 | |i Bạch Trúc | ||
| 980 | |a Trung tâm Học liệu Trường Đại học Cần Thơ | ||